Condiciones competitivas de la agricultura del maíz en México /

Bewaard in:
Bibliografische gegevens
Hoofdauteur: Caballero Urdiales, Emilio
Andere auteurs: Zermeño López, Felipe, comp
Formaat: Texto
Gepubliceerd in: México D.F: Centro de Estudios para un Proyecto Nacional CEPNA
Tags: Voeg label toe
Geen labels, Wees de eerste die dit record labelt!

MARC

LEADER 00000 a a2200000 04500
001 23610
003
040
020 |a 968-6981-02-0  
022 |a 968-6981-02-0  
090 |a 164000  
100 |a Caballero Urdiales, Emilio  
245 |a Condiciones competitivas de la agricultura del maíz en México /  |c Emilio Caballero Urdiales 
260 |a México D.F:   |b Centro de Estudios para un Proyecto Nacional CEPNA  
300 |a 149 p  
300 |b **no definido**  
700 |a   
700 |a Zermeño López, Felipe  
700 |a comp  
999 |c 1278  |d 1278